[Event "NOR-chT Clubs"]
[Site "Drammen"]
[Date "2022.05.26"]
[Round "3"]
[White "Vatneodegard, Marie"]
[Black "Tellefsen, Robert"]
[Result "1/2-1/2"]
[WhiteElo "1109"]
[BlackElo "1385"]
[PlyCount "96"]
[EventDate "2022.05.26"]
[EventType "team-swiss"]
[EventRounds "6"]
[EventCountry "NOR"]
[SourceTitle "EXT 2024"]
[Source "ChessBase"]
[SourceDate "2023.10.10"]
[SourceVersion "1"]
[SourceVersionDate "2023.10.10"]
[SourceQuality "1"]
[WhiteTeam "Stjernen"]
[BlackTeam "Zugzwang"]
[WhiteTeamCountry "NOR"]
[BlackTeamCountry "NOR"]

1. e4 d5 2. exd5 Qxd5 3. Nf3 Nf6 4. d4 Bg4 5. Nc3 Qd8 6. Be2 Bxf3 7. Bxf3 c6 8. 0-0 e6 9. Bf4 Bd6 10. Bg3 Bxg3 11. hxg3 Nbd7 12. b4 0-0 13. a4 Qc7 14. Ne4 Rad8 15. Qc1 e5 16. dxe5 Nxe4 17. Bxe4 Nxe5 18. Qf4 Rfe8 19. Rfd1 Qe7 20. c3 Ng6 21. Bxg6 hxg6 22. Rxd8 Qxd8 23. Qc4 Qd2 24. a5 a6 25. Qd4 Qxd4 26. cxd4 Rd8 27. Rd1 f5 28. Kf1 Kf7 29. Ke2 Ke6 30. Kd3 Kd5 31. Re1 Kd6 32. Re5 Rh8 33. Kc4 Rh2 34. Re8 Rxg2 35. Rd8+ Kc7 36. Rg8 Rxf2 37. Rxg7+ Kc8 38. Rg8+ Kc7 39. Rxg6 Rf3 40. Rg7+ Kd6 41. Rxb7 Rxg3 42. Rb6 f4 43. Rxa6 f3 44. Ra8 Ke7 45. Ra7+ Ke6 46. Ra8 Ke7 47. Ra7+ Ke6 48. Ra8 Ke7 1/2-1/2

[Event "NOR-ch (Women)"]
[Site "Baerum"]
[Date "2019.03.15"]
[Round "1"]
[White "Vatneodegard, Marie"]
[Black "Larre, Linnea"]
[Result "0-1"]
[WhiteElo "1064"]
[BlackElo "1599"]
[PlyCount "76"]
[EventDate "2019.03.15"]
[EventType "swiss"]
[EventRounds "5"]
[EventCountry "NOR"]
[SourceTitle "CBM 189 Extra"]
[Source "ChessBase"]
[SourceDate "2019.06.03"]
[SourceVersion "1"]
[SourceVersionDate "2019.06.03"]
[SourceQuality "1"]

1. d4 Nf6 2. Nf3 g6 3. Bf4 Bg7 4. e3 c5 5. c3 b6 6. Be2 0-0 7. 0-0 Bb7 8. h3 d6 9. Nbd2 Nbd7 10. Bg3 Re8 11. e4 Nxe4 12. Nxe4 Bxe4 13. Bh4 Nf6 14. Ng5 Bc6 15. Bd3 cxd4 16. cxd4 Rc8 17. Rc1 Qd7 18. Be2 Qb7 19. Nf3 Rc7 20. Qd3 Rec8 21. Bxf6 Bxf6 22. Rc3 Be4 23. Qd2 Qd5 24. Rd1 Qxa2 25. Rxc7 Rxc7 26. Qf4 Bf5 27. d5 Qxb2 28. Nd4 Bxd4 29. Rxd4 Qxe2 30. Rd2 Rc1+ 31. Kh2 Qe5 32. Qg3 Qxg3+ 33. Kxg3 a5 34. Rb2 Rb1 35. Rd2 b5 36. Rd4 b4 37. Rc4 b3 38. Rc8+ Bxc8 0-1